ARRUPE JESUIT UNIVERSITY

CORONAVIRUS -STOP THE SPREAD - CLEAN,DISINFECT,COVER

Profits from poison:a look at the socio-economics and politics of pesticides. (Record no. 125536)

MARC details
000 -LEADER
fixed length control field 00674nam a22001697a 4500
005 - DATE AND TIME OF LATEST TRANSACTION
control field 20161020090039.0
008 - FIXED-LENGTH DATA ELEMENTS--GENERAL INFORMATION
fixed length control field 161018b xxu||||| |||| 00| 0 eng d
050 ## - LIBRARY OF CONGRESS CALL NUMBER
Classification number HD9660.P33P66 1982
110 ## - MAIN ENTRY--CORPORATE NAME
Corporate name or jurisdiction name as entry element Farmers association board
9 (RLIN) 26833
245 ## - TITLE STATEMENT
Title Profits from poison:a look at the socio-economics and politics of pesticides.
Statement of responsibility, etc by Farmers Association Board
260 ## - PUBLICATION, DISTRIBUTION, ETC. (IMPRINT)
Place of publication, distribution, etc Manila
Name of publisher, distributor, etc Farmers Association Board
Date of publication, distribution, etc 1982
300 ## - PHYSICAL DESCRIPTION
Extent 114p.;
Dimensions 21cm.
650 ## - SUBJECT ADDED ENTRY--TOPICAL TERM
Topical term or geographic name as entry element Pesticides industry
General subdivision Government policy
Geographic subdivision Philippines
9 (RLIN) 26834
650 ## - SUBJECT ADDED ENTRY--TOPICAL TERM
Topical term or geographic name as entry element Environmental policy
Geographic subdivision Philippines
9 (RLIN) 26835
650 ## - SUBJECT ADDED ENTRY--TOPICAL TERM
Topical term or geographic name as entry element Pesticides
General subdivision Environmental aspects
Geographic subdivision Philippines
9 (RLIN) 26836
942 ## - ADDED ENTRY ELEMENTS (KOHA)
Source of classification or shelving scheme Library of Congress Classification
Item type Monograph ( Printed materials)
Holdings
Withdrawn status Lost status Source of classification or shelving scheme Damaged status Not for loan Collection code Home library Current library Shelving location Date acquired Total Checkouts Full call number Barcode Date last seen Price effective from Koha item type
    Library of Congress Classification     Main Collection ARRUPE LIBRARY ARRUPE LIBRARY Main Collection 18/10/2016   HD9660.P33P66 1982 46500010793 08/05/2018 18/10/2016 Monograph ( Printed materials)

 

Arrupe Library. PO Box MP320 Mt Pleasant, Harare, Zimbabwe
263 242 745411|librarian@aju.ac.zw